[Event "IND-ch U25 26th"]
[Site "Port Blair"]
[Date "2017.07.16"]
[Round "6"]
[White "Mitrabha, Guha"]
[Black "Akshay, V Halagannavar"]
[Result "1-0"]
[WhiteElo "2301"]
[BlackElo "1949"]
[PlyCount "65"]
[EventDate "2017.07.13"]
[EventType "swiss"]
[EventRounds "9"]
[EventCountry "IND"]
[SourceTitle "EXT 2018"]
[Source "ChessBase"]
[SourceDate "2017.10.13"]
[SourceVersion "1"]
[SourceVersionDate "2017.10.13"]
[SourceQuality "1"]

1. d4 Nf6 2. c4 c5 3. Nf3 cxd4 4. Nxd4 g6 5. g3 Bg7 6. Bg2 0-0 7. Nc3 Nc6 8. Nc2 d6 9. 0-0 Be6 10. b3 Qd7 11. e4 Bh3 12. Be3 Bxg2 13. Kxg2 Rfd8 14. Qe2 b6 15. Rad1 Qb7 16. f3 Rd7 17. Nd4 Ne5 18. Rd2 a6 19. Rfd1 Rb8 20. a4 Nc6 21. Nxc6 Qxc6 22. Rd3 Rdb7 23. Bd4 Ne8 24. Nd5 Bxd4 25. Rxd4 e6 26. Nb4 Qc8 27. Nxa6 Ra8 28. Nb4 Rd7 29. Na2 Qc6 30. Nc3 Rad8 31. Qd2 Nc7 32. e5 d5 33. Ne4 1-0

[Event "Olomouc op 19th"]
[Site "Olomouc"]
[Date "2016.08.16"]
[Round "5"]
[White "Akshay, V Halagannavar"]
[Black "Kvisvik, Brede Alexander"]
[Result "0-1"]
[WhiteElo "1909"]
[BlackElo "2330"]
[PlyCount "68"]
[EventDate "2016.08.13"]
[EventType "swiss"]
[EventRounds "9"]
[EventCountry "CZE"]
[SourceTitle "CBM 173 Extra"]
[Source "ChessBase"]
[SourceDate "2016.08.29"]
[SourceVersion "1"]
[SourceVersionDate "2016.08.29"]
[SourceQuality "1"]

1. e4 c5 2. Nf3 d6 3. Bb5+ Nd7 4. c4 Ngf6 5. Nc3 a6 6. Ba4 g6 7. 0-0 Bg7 8. Bc2 Rb8 9. d4 cxd4 10. Nxd4 0-0 11. f3 Qc7 12. Bb3 e6 13. Kh1 Ne5 14. Qe2 Bd7 15. Be3 Rfc8 16. Rad1 Nxc4 17. Qxc4 Qxc4 18. Bxc4 Rxc4 19. Nb3 Ne8 20. Bd4 Bxd4 21. Rxd4 Rxd4 22. Nxd4 b5 23. Rc1 Rc8 24. Nce2 Rxc1+ 25. Nxc1 Kf8 26. Kg1 Ke7 27. Kf2 e5 28. Nde2 Be6 29. b3 Nc7 30. Nd3 f6 31. Ke3 d5 32. exd5 Nxd5+ 33. Kd2 Kd6 34. Nc3 f5 0-1

[Event "Mumbai Wealth op"]
[Site "Mumbai"]
[Date "2016.02.02"]
[Round "6"]
[White "Snehal, Bohosale"]
[Black "Akshay, V Halagannavar"]
[Result "1-0"]
[WhiteElo "2155"]
[BlackElo "1897"]
[PlyCount "81"]
[EventDate "2016.01.28"]
[EventType "swiss"]
[EventRounds "9"]
[EventCountry "IND"]
[SourceTitle "CBM 170 Extra"]
[Source "ChessBase"]
[SourceDate "2016.02.25"]
[SourceVersion "1"]
[SourceVersionDate "2016.02.25"]
[SourceQuality "1"]

1. d4 Nf6 2. c4 c5 3. d5 e6 4. Nc3 exd5 5. cxd5 d6 6. Nf3 g6 7. e4 Bg7 8. h3 0-0 9. Bd3 a6 10. a4 Nbd7 11. 0-0 Rb8 12. Re1 Qe8 13. Bf4 Nh5 14. Bh2 Bf6 15. Be2 Ng7 16. Kh1 Ne5 17. Nd2 g5 18. Nc4 Nxc4 19. Bxc4 Be5 20. Bf1 Bxh2 21. Kxh2 Qe5+ 22. Kg1 Bd7 23. a5 Rbe8 24. Qb3 Re7 25. Qxb7 Bc8 26. Qc6 g4 27. hxg4 Bxg4 28. Qxa6 Bc8 29. Qd3 Bb7 30. a6 Ba8 31. Qe3 f5 32. f4 Qd4 33. e5 dxe5 34. fxe5 f4 35. Qxd4 cxd4 36. d6 Re6 37. Nb5 f3 38. gxf3 Rg6+ 39. Kf2 Rxf3+ 40. Ke2 Rf4 41. Kd1 1-0

[Event "Mumbai Wealth op"]
[Site "Mumbai"]
[Date "2016.01.31"]
[Round "4"]
[White "Deshmukh, Anup"]
[Black "Akshay, V Halagannavar"]
[Result "1-0"]
[WhiteElo "2225"]
[BlackElo "1897"]
[PlyCount "81"]
[EventDate "2016.01.28"]
[EventType "swiss"]
[EventRounds "9"]
[EventCountry "IND"]
[SourceTitle "CBM 170 Extra"]
[Source "ChessBase"]
[SourceDate "2016.02.25"]
[SourceVersion "1"]
[SourceVersionDate "2016.02.25"]
[SourceQuality "1"]

1. c4 Nf6 2. Nc3 e5 3. Nf3 Nc6 4. g3 d5 5. cxd5 Nxd5 6. Bg2 Nb6 7. 0-0 Be7 8. d3 0-0 9. Be3 Be6 10. Rc1 f5 11. a3 Bf6 12. b4 Nd4 13. Bxd4 exd4 14. Na4 Rb8 15. Nc5 Bf7 16. Rc2 Kh8 17. Qc1 Re8 18. h4 Nd5 19. Bh3 g6 20. Re1 Qd6 21. Kh2 c6 22. Qh6 f4 23. Ne4 Rxe4 24. dxe4 fxg3+ 25. fxg3 Nc3 26. e5 Bxe5 27. Nxe5 Qxe5 28. Qf4 Qxf4 29. gxf4 Re8 30. Rd2 Re4 31. Bg2 Rxf4 32. Rf1 Rxf1 33. Bxf1 Bd5 34. Rxd4 Kg7 35. e3 Kf6 36. Rf4+ Ke5 37. Rf8 Ke4 38. Re8+ Kf3 39. Bg2+ Kf2 40. e4 Bc4 41. e5 1-0

[Event "Mumbai Wealth op"]
[Site "Mumbai"]
[Date "2016.01.30"]
[Round "3"]
[White "Akshay, V Halagannavar"]
[Black "Abhishek, Das"]
[Result "1/2-1/2"]
[WhiteElo "1897"]
[BlackElo "2210"]
[PlyCount "95"]
[EventDate "2016.01.28"]
[EventType "swiss"]
[EventRounds "9"]
[EventCountry "IND"]
[SourceTitle "CBM 170 Extra"]
[Source "ChessBase"]
[SourceDate "2016.02.25"]
[SourceVersion "1"]
[SourceVersionDate "2016.02.25"]
[SourceQuality "1"]

1. e4 c5 2. Nf3 g6 3. d3 Bg7 4. g3 Nc6 5. Bg2 e6 6. 0-0 Nge7 7. Nbd2 0-0 8. c3 b6 9. Re1 d5 10. a4 Ba6 11. exd5 Nxd5 12. Nc4 Qc7 13. Qc2 h6 14. Bd2 Rad8 15. Rad1 Rd7 16. Qc1 Kh7 17. Re4 Nf6 18. Bf4 Qd8 19. Ree1 Nd5 20. Nfe5 Nxe5 21. Nxe5 Bxe5 22. Bxe5 f6 23. Bf4 Nxf4 24. Qxf4 e5 25. Qe3 Rxd3 26. Rxd3 Qxd3 27. Qc1 Qd7 28. Rd1 Qc7 29. Qd2 Bb7 30. Qd7+ Rf7 31. Qe8 Qe7 32. Qb8 Bxg2 33. Rd8 g5 34. Kxg2 Qb7+ 35. Qxb7 Rxb7 36. g4 Re7 37. Kf3 e4+ 38. Ke3 h5 39. h3 Kg6 40. b4 hxg4 41. hxg4 cxb4 42. cxb4 Rc7 43. Rd4 Rc2 44. b5 Ra2 45. Rxe4 Kf7 46. f3 Ra3+ 47. Ke2 Ra2+ 48. Ke3 1/2-1/2

[Event "Hastings Masters op 90th"]
[Site "Hastings"]
[Date "2015.01.06"]
[Round "9"]
[White "Wallis, Ian J"]
[Black "Akshay, V Halagannavar"]
[Result "0-1"]
[WhiteElo "2009"]
[BlackElo "1881"]
[PlyCount "68"]
[EventDate "2014.12.29"]
[EventType "swiss"]
[EventRounds "9"]
[EventCountry "ENG"]
[SourceTitle "CBM 164 Extra"]
[Source "ChessBase"]
[SourceDate "2015.03.02"]
[SourceVersion "1"]
[SourceVersionDate "2015.03.02"]
[SourceQuality "1"]

1. e4 c5 2. Nf3 Nc6 3. d4 cxd4 4. Nxd4 Nf6 5. Nc3 e5 6. Ndb5 d6 7. Bg5 a6 8. Na3 b5 9. Bxf6 gxf6 10. Nd5 f5 11. Bd3 Be6 12. 0-0 Bg7 13. c3 0-0 14. Qh5 f4 15. Nc2 f6 16. a4 bxa4 17. Rxa4 a5 18. Rfa1 Rb8 19. R1a2 Bf7 20. Qe2 Kh8 21. Na3 Ne7 22. c4 Nxd5 23. cxd5 f5 24. Nc4 f3 25. Qxf3 fxe4 26. Qxe4 Bg6 27. Qe2 e4 28. Bxe4 Bxe4 29. Qxe4 Qf6 30. f3 Rbe8 31. Qd3 Re1+ 32. Kf2 Rfe8 33. g3 Qd4+ 34. Qxd4 R8e2# 0-1

[Event "Hastings Masters op 90th"]
[Site "Hastings"]
[Date "2015.01.04"]
[Round "8"]
[White "Stonehouse, Thomas"]
[Black "Akshay, V Halagannavar"]
[Result "0-1"]
[WhiteElo "1798"]
[BlackElo "1881"]
[PlyCount "48"]
[EventDate "2014.12.29"]
[EventType "swiss"]
[EventRounds "9"]
[EventCountry "ENG"]
[SourceTitle "CBM 164 Extra"]
[Source "ChessBase"]
[SourceDate "2015.03.02"]
[SourceVersion "1"]
[SourceVersionDate "2015.03.02"]
[SourceQuality "1"]

1. e4 c5 2. Nf3 Nc6 3. d4 cxd4 4. Nxd4 Nf6 5. Nc3 e5 6. Ndb5 d6 7. Bg5 a6 8. Bxf6 gxf6 9. Na3 b5 10. Nd5 f5 11. Bd3 Be6 12. Ne3 f4 13. Nd5 Bg7 14. c3 0-0 15. Qh5 f5 16. f3 Bxd5 17. exd5 Ne7 18. c4 Qa5+ 19. Ke2 Rae8 20. cxb5 e4 21. fxe4 fxe4 22. Bxe4 Nf5 23. Nc4 Rxe4+ 24. Kf3 Rxc4 0-1

[Event "Hastings Masters op 90th"]
[Site "Hastings"]
[Date "2015.01.02"]
[Round "5"]
[White "Akshay, V Halagannavar"]
[Black "Wadsworth, Matthew J"]
[Result "0-1"]
[WhiteElo "1881"]
[BlackElo "2064"]
[PlyCount "31"]
[EventDate "2014.12.29"]
[EventType "swiss"]
[EventRounds "9"]
[EventCountry "ENG"]
[SourceTitle "CBM 164 Extra"]
[Source "ChessBase"]
[SourceDate "2015.03.02"]
[SourceVersion "1"]
[SourceVersionDate "2015.03.02"]
[SourceQuality "1"]

1. Nf3 g6 2. g3 Bg7 3. Bg2 e5 4. e4 Nc6 5. 0-0 Nge7 6. c3 0-0 7. d4 exd4 8. cxd4 d5 9. e5 f6 10. exf6 Bxf6 11. Bh6 Re8 12. Be3 Nf5 13. Re1 Be6 14. Nc3 Qd7 15. Rc1 Rad8 16. Ng5 0-1

[Event "Hastings Masters op 90th"]
[Site "Hastings"]
[Date "2014.12.30"]
[Round "2"]
[White "Byron, Alan M"]
[Black "Akshay, V Halagannavar"]
[Result "1/2-1/2"]
[WhiteElo "2188"]
[BlackElo "1881"]
[PlyCount "105"]
[EventDate "2014.12.29"]
[EventType "swiss"]
[EventRounds "9"]
[EventCountry "ENG"]
[SourceTitle "CBM 164 Extra"]
[Source "ChessBase"]
[SourceDate "2015.03.02"]
[SourceVersion "1"]
[SourceVersionDate "2015.03.02"]
[SourceQuality "1"]

1. e4 c5 2. Nf3 Nc6 3. Bb5 e6 4. 0-0 Nge7 5. Re1 a6 6. Bf1 g6 7. c3 Bg7 8. d3 0-0 9. Be3 b6 10. Qd2 d5 11. Bh6 dxe4 12. Bxg7 Kxg7 13. dxe4 Qxd2 14. Nbxd2 Rd8 15. a4 Rb8 16. Nb3 e5 17. Red1 Be6 18. Rxd8 Rxd8 19. Nbd2 Na5 20. Bxa6 c4 21. Kf1 f6 22. Ke2 Ra8 23. Bb5 Nc8 24. Ne1 Nd6 25. Nc2 Rd8 26. Rd1 Nxb5 27. axb5 Kf7 28. f3 Ke7 29. Nb4 Rc8 30. Nb1 Rc5 31. Na3 Rc8 32. Nac2 Rc5 33. Na3 Rc8 34. h3 g5 35. Nac2 Rc5 36. Na3 Rc8 37. Nd5+ Bxd5 38. Rxd5 Nb7 39. Ke3 Nd6 40. Nc2 Ke6 41. g4 h5 42. Kf2 h4 43. Ke3 Ra8 44. Na3 Rc8 45. Kd2 f5 46. gxf5+ Nxf5 47. Ke2 Ng3+ 48. Ke3 Nh5 49. Rd2 Nf4 50. Rh2 Rd8 51. Nxc4 Rd3+ 52. Kf2 Rd1 53. Nxb6 1/2-1/2

[Event "Hastings Masters op 90th"]
[Site "Hastings"]
[Date "2014.12.29"]
[Round "1"]
[White "Akshay, V Halagannavar"]
[Black "Gregory, Stephen J"]
[Result "1/2-1/2"]
[WhiteElo "1881"]
[BlackElo "2056"]
[PlyCount "106"]
[EventDate "2014.12.29"]
[EventType "swiss"]
[EventRounds "9"]
[EventCountry "ENG"]
[SourceTitle "CBM 164 Extra"]
[Source "ChessBase"]
[SourceDate "2015.03.02"]
[SourceVersion "1"]
[SourceVersionDate "2015.03.02"]
[SourceQuality "1"]

1. Nf3 Nf6 2. d4 d6 3. g3 Nbd7 4. Bg2 e5 5. c4 Be7 6. 0-0 0-0 7. Nc3 Re8 8. e4 c6 9. b3 Bf8 10. Bb2 Qc7 11. Rc1 a6 12. Re1 g6 13. c5 exd4 14. cxd6 Qxd6 15. Nxd4 c5 16. Nf3 Qxd1 17. Rcxd1 Nb6 18. e5 Nh5 19. Ne4 Bf5 20. Nd6 Bxd6 21. Rxd6 Nc8 22. Rd5 c4 23. Nd4 Ne7 24. Rd6 cxb3 25. axb3 Rab8 26. Rb6 Bd7 27. Ba3 Nc6 28. Nf3 Bg4 29. Bd6 Rbd8 30. Rxb7 Bxf3 31. Bxf3 Rxd6 32. exd6 Rxe1+ 33. Kg2 Nd8 34. Re7 Re6 35. Rd7 Re8 36. Bxh5 gxh5 37. Ra7 Kf8 38. Rxa6 Re6 39. h4 Ke8 40. Kf3 Kd7 41. Kf4 Rxd6 42. Rxd6+ Kxd6 43. Kg5 Ke7 44. Kh6 Ne6 45. Kxh7 Nc5 46. b4 Nd3 47. b5 Nxf2 48. b6 Kd6 49. Kh6 Ne4 50. Kxh5 Nxg3+ 51. Kg4 Ne4 52. Kf5 Ng3+ 53. Kg4 Ne4 1/2-1/2

[Event "London Classic op 6th"]
[Site "London"]
[Date "2014.12.13"]
[Round "6"]
[White "Shamima, Akter Liza"]
[Black "Akshay, V Halagannavar"]
[Result "1-0"]
[WhiteElo "2159"]
[BlackElo "1881"]
[PlyCount "89"]
[EventDate "2014.12.08"]
[EventType "swiss"]
[EventRounds "9"]
[EventCountry "ENG"]
[SourceTitle "CBM 163 Extra"]
[Source "ChessBase"]
[SourceDate "2014.12.23"]
[SourceVersion "1"]
[SourceVersionDate "2014.12.23"]
[SourceQuality "1"]

1. d4 Nf6 2. c4 c5 3. d5 e6 4. Nc3 exd5 5. cxd5 d6 6. Bg5 g6 7. Qa4+ Bd7 8. Qb3 Be7 9. e4 0-0 10. Nf3 Re8 11. 0-0-0 Na6 12. Bc4 b5 13. Nxb5 Rb8 14. e5 Ng4 15. Bxe7 Qxe7 16. e6 Bxb5 17. Bxb5 Nc7 18. Qa4 Rxb5 19. Qxg4 f5 20. Qc4 Rb4 21. Qc2 Reb8 22. b3 a5 23. Rhe1 a4 24. Re3 f4 25. Re4 axb3 26. Rxb4 cxb4 27. Qxb3 Rc8 28. Kd2 Nb5 29. Ke1 Nc3 30. Rd4 Qc7 31. Nd2 Qa5 32. Rxb4 Qxa2 33. Qxa2 Nxa2 34. Rc4 Rxc4 35. Nxc4 Nc3 36. Nb6 Kf8 37. Kd2 Ne4+ 38. Ke2 g5 39. f3 Nf6 40. Kd3 h5 41. Kd4 Ke8 42. Nc8 g4 43. Nxd6+ Ke7 44. Nf5+ Ke8 45. Ke5 1-0

[Event "London Classic op 6th"]
[Site "London"]
[Date "2014.12.10"]
[Round "3"]
[White "Akshay, V Halagannavar"]
[Black "Fixmer, Eric"]
[Result "1-0"]
[WhiteElo "1881"]
[BlackElo "1686"]
[PlyCount "79"]
[EventDate "2014.12.08"]
[EventType "swiss"]
[EventRounds "9"]
[EventCountry "ENG"]
[SourceTitle "CBM 163 Extra"]
[Source "ChessBase"]
[SourceDate "2014.12.23"]
[SourceVersion "1"]
[SourceVersionDate "2014.12.23"]
[SourceQuality "1"]

1. e4 c5 2. Nf3 d6 3. Bb5+ Bd7 4. Bxd7+ Qxd7 5. 0-0 Nf6 6. Re1 Nc6 7. c3 g6 8. d4 cxd4 9. cxd4 Bg7 10. Nc3 0-0 11. h3 e6 12. Bg5 h6 13. Bf4 a6 14. Na4 Rad8 15. Rc1 b5 16. d5 exd5 17. Nb6 Qb7 18. Nxd5 Nxd5 19. Qxd5 Na5 20. b3 Qe7 21. Qd2 Nb7 22. Bxh6 Nc5 23. Bxg7 Kxg7 24. e5 dxe5 25. Qb4 Rd5 26. Rxe5 Rxe5 27. Nxe5 Qxe5 28. Qxc5 Qe2 29. Qd4+ Kg8 30. a4 bxa4 31. bxa4 Re8 32. a5 Qe5 33. Qb6 Re6 34. Rc8+ Kg7 35. Qd8 g5 36. Qh8+ Kg6 37. Rg8+ Kf5 38. Qh7+ Kf4 39. g3+ Kf3 40. Qd3+ 1-0

[Event "Visakhapatnam op"]
[Site "Visakhapatnam"]
[Date "2012.10.26"]
[Round "1"]
[White "Akshay, V Halagannavar"]
[Black "Petrosian, Davit Gevorgi"]
[Result "0-1"]
[WhiteElo "1766"]
[BlackElo "2459"]
[PlyCount "86"]
[EventDate "2012.10.26"]
[EventType "swiss"]
[EventRounds "11"]
[EventCountry "IND"]
[SourceTitle "EXT 2013"]
[Source "ChessBase"]
[SourceDate "2012.11.22"]
[SourceVersion "1"]
[SourceVersionDate "2012.11.22"]
[SourceQuality "1"]

1. Nf3 Nf6 2. g3 g6 3. Bg2 Bg7 4. 0-0 0-0 5. d4 d6 6. c4 c6 7. Nc3 Qb6 8. b3 Qa5 9. Bb2 Qh5 10. e4 Bg4 11. Qd3 e5 12. Ne2 Nbd7 13. Ba3 c5 14. d5 Nxe4 15. h3 Bf5 16. g4 Ng3 17. Nxg3 Bxd3 18. gxh5 Bxf1 19. Rxf1 f5 20. Ng5 b5 21. Ne6 Rfc8 22. b4 Nb6 23. bxc5 Nxc4 24. Bc1 dxc5 25. d6 e4 26. d7 Rd8 27. Rd1 Bd4 28. Nxd8 Rxd8 29. Bf1 Rxd7 30. Bxc4+ bxc4 31. Kf1 c3 32. hxg6 hxg6 33. Ne2 Rb7 34. Nxd4 Rd7 35. Be3 c2 36. Rc1 cxd4 37. Bd2 d3 38. f3 e3 39. Bxe3 d2 40. Bxd2 Rxd2 41. Ke1 Rh2 42. h4 f4 43. a3 a5 0-1

[Event "Mumbai Mayors Cup 5th"]
[Site "Mumbai"]
[Date "2012.06.07"]
[Round "1"]
[White "Akshay, V Halagannavar"]
[Black "Czebe, Attila"]
[Result "0-1"]
[WhiteElo "1686"]
[BlackElo "2475"]
[PlyCount "103"]
[EventDate "2012.06.07"]
[EventType "swiss"]
[EventRounds "11"]
[EventCountry "IND"]
[SourceTitle "CBM 148 Extra"]
[Source "ChessBase"]
[SourceDate "2012.06.22"]
[SourceVersion "1"]
[SourceVersionDate "2012.06.22"]
[SourceQuality "1"]

1. Nf3 g6 2. g3 Bg7 3. Bg2 e5 4. d3 d5 5. 0-0 Ne7 6. Nbd2 0-0 7. e4 d4 8. Ne1 c5 9. f4 Nbc6 10. Ndf3 f6 11. Bd2 Be6 12. Qe2 Qd7 13. b3 b5 14. c4 dxc3 15. Bxc3 Nd4 16. Nxd4 exd4 17. Bb2 a5 18. f5 gxf5 19. exf5 Bd5 20. Bxd5+ Nxd5 21. Ng2 Rfe8 22. Qd2 Ne3 23. Nxe3 Rxe3 24. Qc2 Qd5 25. Rac1 Bf8 26. Rf2 Rae8 27. Rcf1 c4 28. bxc4 bxc4 29. Qxc4 Qxc4 30. dxc4 Bc5 31. Rf4 Rd8 32. Rd1 Re2 33. Bxd4 Rxd4 34. Rfxd4 Re4 35. Kf1 Rxd4 36. Rxd4 Bxd4 37. Ke2 Kf7 38. Kd3 Bg1 39. h3 Ke7 40. Ke4 Kd6 41. g4 Bf2 42. Kf3 Bh4 43. Ke4 Kc5 44. Kd3 a4 45. Kc3 Bf2 46. Kd3 Bg3 47. Kc3 h6 48. a3 Be5+ 49. Kd3 Bb2 50. h4 Bxa3 51. g5 fxg5 52. hxg5 0-1